书目信息 |
| 题名: |
微处理器与微型计算机
|
|
| 作者: | 安布罗西奥 , 托兹 著 ;李小洪 , 冯昭群 译 | |
| 分册: | ||
| 出版信息: | 北京 清华大学出版社 2004.06 |
|
| 页数: | 485页 | |
| 开本: | 26cm | |
| 丛书名: | ||
| 单 册: | ||
| 中图分类: | TP368 | |
| 科图分类: | ||
| 主题词: | 微型计算机--wei xing ji suan ji--教材 , 微处理器--wei chu li qi--教材 | |
| 电子资源: | ||
| ISBN: | 7-302-08628-1 | |
| 000 | 01479nam0 2200337 450 | |
| 001 | 012007493785 | |
| 005 | 20070929102047.78 | |
| 010 | @a7-302-08628-1@dCNY49.00 | |
| 100 | @a20070725d2004 km y0chiy0120 ea | |
| 101 | 1 | @achi@ceng |
| 102 | @aCN@b110000 | |
| 105 | @aa z 000yy | |
| 200 | 1 | @a微处理器与微型计算机@Awei chu li qi yu wei xing ji suan ji@e硬件和软件@f(美) Ronald J. Tocci, Frank J. Ambrosio著@F(mei)Ronald J.Tocci,Frank J.Ambrosio zhu@g李小洪, 冯昭群译@Gli xiao hong,feng zhao qun yi |
| 210 | @a北京@c清华大学出版社@d2004.06 | |
| 215 | @a485页@c图@d26cm | |
| 300 | @a国外经典教材·计算机科学与技术 | |
| 305 | @a据原文第6版译出。 | |
| 312 | @a英文并列题名取自封面。 | |
| 314 | @a责任者Tocci汉译姓取自CIP: 托兹; 责任者Ambrosio规范汉译姓 : 安布罗西奥。 | |
| 330 | @a全书全面分析了微处理器与微处理器系统。本书大量使用图片、例子和练习,增加了习题和答案。书后提供3个附录展示了Motorola 68 HC11 MCU 的完整指令集、结构图和寄存器与控制与控制位分配。 | |
| 500 | 10 | @aMicroprocessors and microcomputers : hardware and software@mChinese |
| 517 | 1 | @a硬件和软件@Aying jian he ruan jian |
| 606 | 0 | @a微型计算机@Awei xing ji suan ji@j教材 |
| 606 | 0 | @a微处理器@Awei chu li qi@j教材 |
| 690 | @aTP368@v4 | |
| 701 | 1 | @a安布罗西奥@Aan bu luo xi ao@g(Ambrosio, Frank J.)@4著 |
| 701 | 1 | @a托兹@Atuo zi@g(Tocci, Ronald J.)@4著 |
| 702 | 0 | @a李小洪@Ali xiao hong@4译 |
| 702 | 0 | @a冯昭群@Afeng zhao qun@4译 |
| 801 | 0 | @aCN@c20070929 |
| 905 | @dTP368@eT972 | |
| 微处理器与微型计算机:硬件和软件/(美) Ronald J. Tocci, Frank J. Ambrosio著/李小洪, 冯昭群译.-北京:清华大学出版社,2004.06 |
| 485页:图;26cm |
| 国外经典教材·计算机科学与技术 |
| ISBN 7-302-08628-1:CNY49.00 |
| 全书全面分析了微处理器与微处理器系统。本书大量使用图片、例子和练习,增加了习题和答案。书后提供3个附录展示了Motorola 68 HC11 MCU 的完整指令集、结构图和寄存器与控制与控制位分配。 |
| ● |
| 相关链接 |
|
|
|
正题名:微处理器与微型计算机
索取号:TP368/T972
 
预约/预借
| 序号 | 登录号 | 条形码 | 馆藏地/架位号 | 状态 | 备注 |
| 1 | 248178 | 202481787 | 自科二线404/301自科库 57排3列5层/ [索取号:TP368/T972] | 在馆 | |
| 2 | 248179 | 202481796 | 自科库301/301自科库 62排4列4层/ [索取号:TP368/T972] | 在馆 |